000 00307nam a22001457a 4500
020 _a1-40547-216-2
082 _a823
_bPAP/C
100 _aPAPADEMETRIOU, LISA
245 _aCARS
246 _aCARS
_bCARS
260 _aU K
_bPARRAGON BOOKS
_c2006
300 _a123
650 _aENGLISH FICTION
942 _cBK
999 _c8723
_d8723